00241nam a2200097 a 4500001000500000005001700005008004100022050002100063245003600084440002300120414020140414131954.0090218s19uu xx 00 eng d aTR 418bV85 1993 aVocabulary enrichment. Grade 4. aBasic Skill Series